Top 20 Most Violent Cities in America - Statistics

General Stats
  • This quiz has been taken 67 times
  • The average score is 15 of 20
Answer Stats
# of violent crimes per 100k (and state) City % Correct
1,099 (IL) Chicago
97%
2,057 (MI) Detroit
91%
2,003 (TN) Memphis
90%
1,121 (LA) New Orleans
90%
1,557 (OH) Cleveland
86%
1,334 (IN) Indianapolis
86%
2,027 (MD) Baltimore
84%
1,634 (AR) Little Rock
83%
2,082 (MO) St. Louis
83%
1,138 (TN) Nashville
81%
1,369 (NM) Albuquerque
79%
1,597 (WI) Milwaukee
79%
1,299 (CA) Oakland
79%
1,101 (MN) Minneapolis
78%
1,203 (AK) Anchorage
71%
1,136 (MI) Lansing
52%
1,339 (MO) Springfield
52%
1,415 (CA) Stockton
45%
1,588 (IL) Rockford
40%
1,291 (CA) San Bernardino
31%
No matching quizzes found
Score Distribution
Percent of People with Each Score
Percentile by Number Answered
Your Score History
You have not taken this quiz